00454nam a2200181 a 4500001001300000003000900013005001700022008004100039020001000080082001600090100002100106245001400127260003200141300000900173500003500182505003300217650002200250nice12345678IN_TiNIC20260116012105.0050524s1973 enga grp 000 0 eng  ac10000a297.63bROD aRodinson, Mazime aMohammed. aEnglandbPenguin Bookc1973 a361p aincludes index and biblioraphy2 a1973 (1961) Tables, Biblio., aMuhammad, Prophet